000
00239nam a22000977a 4500
008
240220b |||||||| |||| 00| 0 eng d
082
_a
AN
_b
BROA1
100
1
0
_a
Brown, Dan
_e
autor
_9
785
245
_a
Angels & Demons /
_c
Dan Brown
942
_2
ddc
999
_c
30667
_d
17051